000
00295pab a2200121 454500
008
180718b xxu||||| |||| 00| 0 eng d
100
_a
Sharma, B.D.
245
_a
Tribals demand the protection of law
650
_a
Tribes
650
_a
Backward Classes
773
_a
Times of India
909
_a
22511
999
_c
22511
_d
22511